Vista normal Vista MARC

Entrada Topical Term

Número de registros utilizados en: 1

001 - CONTROL NUMBER

  • control field: 40596

003 - CONTROL NUMBER IDENTIFIER

  • control field: OSt

005 - DATE AND TIME OF LATEST TRANSACTION

  • control field: 20210917085015.0

008 - FIXED-LENGTH DATA ELEMENTS

  • fixed length control field: 210917|| aca||aabn | a|a d

040 ## - CATALOGING SOURCE

  • Original cataloging agency: OSt
  • Transcribing agency: OSt

150 ## - HEADING--TOPICAL TERM

  • Topical term or geographic name entry element: Historias de aventuras

670 ## - SOURCE DATA FOUND

  • Source citation: Work cat.: (OSt)3765: London, Jack, autor 40593, La casa de mapuhi y otros cuentos /, 2007